[Event "17. Europa ch Juvenil - Masculino s12"]
[Site "Sibenik CRO"]
[Date "2007.09.21"]
[Round "8.20"]
[White "Musialkiewicz, Jan"]
[Black "Seidl, Stepan"]
[Result "1/2-1/2"]
[WhiteElo "1926"]
[BlackElo "1789"]
[PlyCount "69"]
[EventDate "2007.09.14"]
[EventType "swiss"]
[EventRounds "9"]
[EventCountry "CRO"]
[Source "lmi"]
[SourceDate "2007.09.14"]

1. c4 e5 2. Nc3 Nc6 3. g3 g6 4. Bg2 Bg7 5. e3 Nge7 6. Nge2 O-O 7. O-O f5 8. d4
d6 9. Rb1 a5 10. a3 Kh8 11. b4 axb4 12. axb4 Ng8 13. f4 e4 14. Qb3 Nf6 15. Bd2
Bd7 16. Ra1 b6 17. Nb5 Rxa1 18. Rxa1 Nb8 19. Nec3 Bxb5 20. Nxb5 c6 21. Nc3 d5
22. cxd5 Nxd5 23. b5 Nxc3 24. Bxc3 Qd5 25. Qxd5 cxd5 26. Bb4 Rd8 27. Ra7 Kg8
28. Rb7 Bf8 29. Bxf8 Kxf8 30. Rxb6 Ke7 31. Kf2 Rc8 32. Bf1 Nd7 33. Rb7 Kd8 34.
Be2 Ra8 35. b6 1/2-1/2

[Event "17. Europa ch Juvenil - Masculino s12"]
[Site "Sibenik CRO"]
[Date "2007.09.23"]
[Round "9.1"]
[White "Beradze, Irakli"]
[Black "Nyzhnyk, Illya"]
[Result "0-1"]
[WhiteElo "2109"]
[BlackElo "2341"]
[PlyCount "98"]
[EventDate "2007.09.14"]
[EventType "swiss"]
[EventRounds "9"]
[EventCountry "CRO"]
[Source "lmi"]
[SourceDate "2007.09.14"]

1. e4 c5 2. Nf3 Nc6 3. Bb5 d6 4. O-O Bd7 5. c3 a6 6. Ba4 Nf6 7. Re1 b5 8. Bc2
Bg4 9. d4 cxd4 10. cxd4 e5 11. d5 Nd4 12. Bd3 Bxf3 13. gxf3 Nh5 14. Be3 Be7 15.
Kh1 Bg5 16. Rg1 Bf4 17. Nd2 Qf6 18. Rg2 Qh6 19. Nf1 O-O 20. a4 Rab8 21. axb5
axb5 22. Ra6 Rfc8 23. Rg4 Qf6 24. Bxd4 exd4 25. Rc6 Rxc6 26. dxc6 Qe5 27. b4
Nf6 28. Rg1 d5 29. Qe2 dxe4 30. fxe4 Qd6 31. Qf3 Rb6 32. h4 Rxc6 33. Ng3 Bxg3
34. Rxg3 Rc1+ 35. Kg2 h6 36. Qf5 Qc6 37. Qe5 Qc7 38. Qxb5 Qf4 39. e5 Ne4 40.
Qb8+ Kh7 41. Rf3 Qg4+ 42. Rg3 Qxh4 43. Kf3 Re1 44. Qb7 Qh5+ 45. Kf4 g5+ 46. Kf5
Qg6+ 47. Kg4 Nxf2+ 48. Kf3 Qxd3+ 49. Kxf2 Qf1# 0-1

[Event "17. Europa ch Juvenil - Masculino s12"]
[Site "Sibenik CRO"]
[Date "2007.09.23"]
[Round "9.2"]
[White "Bukavshin, Ivan"]
[Black "Grigoryan, Karen H"]
[Result "0-1"]
[WhiteElo "2250"]
[BlackElo "2150"]
[PlyCount "76"]
[EventDate "2007.09.14"]
[EventType "swiss"]
[EventRounds "9"]
[EventCountry "CRO"]
[Source "lmi"]
[SourceDate "2007.09.14"]

1. e4 e6 2. d4 d5 3. Nc3 Nf6 4. e5 Nfd7 5. f4 c5 6. Nf3 a6 7. Be3 Qb6 8. Na4
Qa5+ 9. c3 cxd4 10. b4 Qc7 11. Qxd4 Nc6 12. Qd2 b5 13. Nb2 f6 14. Nd4 Nxd4 15.
cxd4 fxe5 16. fxe5 Be7 17. Rc1 Qd8 18. Bd3 O-O 19. a4 bxa4 20. Nxa4 a5 21. Nc5
Bxc5 22. bxc5 Ba6 23. Bxa6 Rxa6 24. Qd3 Ra7 25. Kd2 Nb8 26. Rb1 Nc6 27. Rb6 Qe8
28. Ra1 a4 29. Qc2 a3 30. Kc3 Qa8 31. Qb3 a2 32. Bc1 Ra4 33. Rxa2 Rxa2 34. Rxc6
Rxg2 35. Qb5 Qa1+ 36. Kb4 Qb1+ 37. Ka5 Ra2+ 38. Kb6 Rb8+ 0-1

[Event "17. Europa ch Juvenil - Masculino s12"]
[Site "Sibenik CRO"]
[Date "2007.09.23"]
[Round "9.3"]
[White "Dubov, Daniil"]
[Black "Pardo Simon, David"]
[Result "0-1"]
[WhiteElo "2177"]
[BlackElo "2080"]
[PlyCount "66"]
[EventDate "2007.09.14"]
[EventType "swiss"]
[EventRounds "9"]
[EventCountry "CRO"]
[Source "lmi"]
[SourceDate "2007.09.14"]

1. d4 Nf6 2. c4 e6 3. Nc3 Bb4 4. f3 O-O 5. e4 d5 6. e5 Nfd7 7. cxd5 exd5 8. f4
c5 9. a3 Ba5 10. Nf3 Nc6 11. dxc5 Bxc3+ 12. bxc3 Nxc5 13. Be2 Ne4 14. Bd3 Qa5
15. Bd2 Bg4 16. Qc2 Bxf3 17. gxf3 Nxd2 18. Qxd2 f6 19. O-O fxe5 20. fxe5 Nxe5
21. Be2 Rac8 22. Rab1 Qxc3 23. Qxd5+ Kh8 24. Rb3 Qc2 25. Bd1 Qg6+ 26. Kh1 Ng4
27. Qxb7 Rc1 28. Qxa7 Rxd1 29. Rxd1 Qc2 30. Qb8 Qxd1+ 31. Kg2 Ne3+ 32. Kh3
Qxf3+ 33. Qg3 Qh5+ 0-1

[Event "17. Europa ch Juvenil - Masculino s12"]
[Site "Sibenik CRO"]
[Date "2007.09.23"]
[Round "9.4"]
[White "Bajarani, Ulvi"]
[Black "Rapport, Richard"]
[Result "1-0"]
[WhiteElo "2164"]
[BlackElo "2122"]
[PlyCount "77"]
[EventDate "2007.09.14"]
[EventType "swiss"]
[EventRounds "9"]
[EventCountry "CRO"]
[Source "lmi"]
[SourceDate "2007.09.14"]

1. e4 c6 2. d4 d5 3. exd5 cxd5 4. c4 Nf6 5. Nc3 e6 6. Nf3 Be7 7. Bd2 O-O 8. Bd3
dxc4 9. Bxc4 b6 10. O-O Bb7 11. Re1 Nc6 12. Bg5 Na5 13. Bd3 Rc8 14. Qe2 Nc6 15.
Rad1 Nb4 16. Bb1 Ba6 17. Qd2 Nbd5 18. Ne5 Nxc3 19. bxc3 Qc7 20. Re3 Nd5 21. Rh3
f5 22. Bxe7 Qxe7 23. g4 Rc7 24. Re1 Qa3 25. gxf5 exf5 26. Qg5 g6 27. Bxf5 Rxf5
28. Qd8+ Kg7 29. Qxd5 Qb2 30. Qg2 Bb7 31. Rxh7+ Kxh7 32. Qxg6+ Kh8 33. Qxf5 Qd2
34. Nf7+ Rxf7 35. Re8+ Kg7 36. Qg4+ Kh7 37. Qg8+ Kh6 38. Re6+ Kh5 39. Qxf7+ 1-0

[Event "17. Europa ch Juvenil - Masculino s12"]
[Site "Sibenik CRO"]
[Date "2007.09.23"]
[Round "9.5"]
[White "Yudin, Ivan"]
[Black "Dragun, Kamil"]
[Result "0-1"]
[WhiteElo "2166"]
[BlackElo "2050"]
[PlyCount "80"]
[EventDate "2007.09.14"]
[EventType "swiss"]
[EventRounds "9"]
[EventCountry "CRO"]
[Source "lmi"]
[SourceDate "2007.09.14"]

1. d4 Nf6 2. c4 c5 3. d5 b5 4. Nd2 bxc4 5. e4 d6 6. Bxc4 g6 7. b3 Bg7 8. Bb2
O-O 9. Ngf3 Nbd7 10. O-O Nb6 11. Qc2 Rb8 12. Bc3 Nxc4 13. bxc4 Nd7 14. Bxg7
Kxg7 15. Rfe1 Nb6 16. a4 e5 17. Reb1 Nd7 18. Qc3 Rxb1+ 19. Rxb1 f5 20. exf5
gxf5 21. Nb3 Qf6 22. Na5 e4 23. Qxf6+ Kxf6 24. Nd2 Ba6 25. Nc6 Nb6 26. Rc1 Ra8
27. Rc3 h5 28. a5 Nd7 29. f3 Re8 30. Re3 Ne5 31. fxe4 Nxc4 32. Nxc4 Bxc4 33.
e5+ dxe5 34. d6 Be6 35. Nxe5 Rd8 36. d7 Bxd7 37. Nd3 Bb5 38. Nb2 Rd2 39. Rb3 a6
40. h3 c4 0-1

[Event "17. Europa ch Juvenil - Masculino s12"]
[Site "Sibenik CRO"]
[Date "2007.09.23"]
[Round "9.6"]
[White "Savitskiy, Sergey"]
[Black "Karabayir, Mustafa Yilmaz"]
[Result "1-0"]
[WhiteElo "2127"]
[BlackElo "1808"]
[PlyCount "49"]
[EventDate "2007.09.14"]
[EventType "swiss"]
[EventRounds "9"]
[EventCountry "CRO"]
[Source "lmi"]
[SourceDate "2007.09.14"]

1. e4 e5 2. Bc4 Nc6 3. Nc3 Nf6 4. d3 Be7 5. f4 exf4 6. Bxf4 d6 7. Nf3 Bg4 8.
Qd2 O-O 9. O-O-O Ne5 10. Bxe5 dxe5 11. Rdf1 Nd7 12. Kb1 c6 13. h3 Bxf3 14. Rxf3
b5 15. Bb3 a5 16. Rhf1 Nf6 17. a4 b4 18. Ne2 Nxe4 19. Qe3 Nc5 20. Bxf7+ Kh8 21.
Qxe5 Nxa4 22. Qh5 Bf6 23. Bg6 h6 24. Be4 Nc5 25. Qxc5 1-0

[Event "17. Europa ch Juvenil - Masculino s12"]
[Site "Sibenik CRO"]
[Date "2007.09.23"]
[Round "9.7"]
[White "Monev, Alexander"]
[Black "Sanchez Ibern, Marc"]
[Result "0-1"]
[WhiteElo "1951"]
[BlackElo "2087"]
[PlyCount "166"]
[EventDate "2007.09.14"]
[EventType "swiss"]
[EventRounds "9"]
[EventCountry "CRO"]
[Source "lmi"]
[SourceDate "2007.09.14"]

1. e4 c5 2. Nf3 d6 3. d4 cxd4 4. Nxd4 Nf6 5. Nc3 Nc6 6. Bc4 e6 7. Be3 Be7 8.
O-O O-O 9. Be2 e5 10. Nb3 a5 11. Nd5 Nxe4 12. Bb6 Qd7 13. Bxa5 Nxa5 14. Nb6 Qd8
15. Nxa8 Bf5 16. Bf3 Qxa8 17. Qd5 b6 18. Qxa8 Rxa8 19. Rfe1 Nxb3 20. axb3 Rxa1
21. Rxa1 g5 22. Ra8+ Kg7 23. Rb8 g4 24. Bxe4 Bxe4 25. c4 Kf6 26. Rxb6 Ke6 27.
b4 Kd7 28. b5 Kc7 29. Ra6 Kb7 30. Ra4 f5 31. Ra1 d5 32. cxd5 Bxd5 33. Re1 e4
34. g3 Bc4 35. Rd1 Be6 36. Ra1 Bc5 37. Ra6 Bb6 38. Ra1 Bd7 39. Rd1 Kc7 40. b4
Bxb5 41. Rd5 Bd7 42. Rd1 Bc6 43. Ra1 Bd4 44. Rd1 Bf6 45. Rc1 Kd6 46. Rd1+ Bd5
47. Rc1 Bc6 48. Rd1+ Ke6 49. Rc1 Bd7 50. Rd1 Bc3 51. Rb1 Bd4 52. Rc1 Bb6 53.
Rd1 Bb5 54. Ra1 h6 55. Rd1 Ke5 56. Kg2 e3 57. fxe3 Bxe3 58. Rd8 Ke4 59. Rb8 Bc4
60. b5 Kd3 61. h3 Ke2 62. hxg4 fxg4 63. Rd8 Bxb5 64. Rd6 Bc4 65. Rd8 Bb3 66.
Rd7 Bd1 67. Re7 Kd2 68. Rf7 Be2 69. Rf8 Bd3 70. Re8 Bc4 71. Rd8+ Ke1 72. Rd7
Bf1+ 73. Kh2 Be2 74. Rb7 Kf2 75. Rb2 Bd4 76. Rb1 Be5 77. Rg1 h5 78. Rg2+ Kf3
79. Kh1 Bxg3 80. Rg1 Bf2 81. Ra1 Kg3 82. Ra3+ Bf3+ 83. Rxf3+ Kxf3 0-1

[Event "17. Europa ch Juvenil - Masculino s12"]
[Site "Sibenik CRO"]
[Date "2007.09.23"]
[Round "9.8"]
[White "Fedoseev, Vladimir"]
[Black "Dicu, Razvan-Stefan"]
[Result "1-0"]
[WhiteElo "2237"]
[BlackElo "1914"]
[PlyCount "135"]
[EventDate "2007.09.14"]
[EventType "swiss"]
[EventRounds "9"]
[EventCountry "CRO"]
[Source "lmi"]
[SourceDate "2007.09.14"]

1. e4 e5 2. Nf3 Nc6 3. Bb5 a6 4. Ba4 Nf6 5. O-O Nxe4 6. d4 b5 7. Bb3 d5 8. dxe5
Be6 9. Nbd2 Nc5 10. c3 d4 11. Bxe6 Nxe6 12. cxd4 Ncxd4 13. Nxd4 Qxd4 14. Qf3
Rd8 15. Qc6+ Rd7 16. Qa8+ Rd8 17. Qxa6 Qxe5 18. a4 Bd6 19. Qc6+ Kf8 20. Nf3 Qh5
21. Qxb5 Qxb5 22. axb5 Ke7 23. Re1 Bb4 24. Bg5+ f6 25. Re4 fxg5 26. Nxg5 Rd4
27. Rxe6+ Kd7 28. Re4 Rxe4 29. Nxe4 Rb8 30. Rd1+ Ke7 31. Rc1 Kd7 32. Nc5+ Kd6
33. Na6 Rxb5 34. Nxc7 Re5 35. Na6 Bd2 36. Rd1 Kc6 37. Nb8+ Kc7 38. Nd7 Rd5 39.
Nf8 Rd6 40. Nxh7 Bh6 41. Rxd6 Kxd6 42. Nf8 Bc1 43. b4 Ba3 44. b5 Kd5 45. Nd7
Ke6 46. Nb6 Bc5 47. Na4 Bd4 48. Kf1 Kd5 49. Ke2 Kc4 50. b6 Kb5 51. b7 Be5 52.
Nc3+ Kc6 53. Ne4 Kxb7 54. g3 Kc6 55. f4 Bb2 56. Kf3 Kd7 57. Kg4 Ke6 58. Kg5 Kf7
59. Nd6+ Kf8 60. Kg6 Bf6 61. h4 Kg8 62. h5 Bb2 63. Nf7 Ba3 64. g4 Bb4 65. g5
Bc3 66. h6 gxh6 67. gxh6 Bg7 68. h7+ 1-0

[Event "17. Europa ch Juvenil - Masculino s12"]
[Site "Sibenik CRO"]
[Date "2007.09.23"]
[Round "9.9"]
[White "Shurunov, Arseniy"]
[Black "Yuksel, Atilla Koksal"]
[Result "1-0"]
[WhiteElo "2037"]
[BlackElo "1848"]
[PlyCount "91"]
[EventDate "2007.09.14"]
[EventType "swiss"]
[EventRounds "9"]
[EventCountry "CRO"]
[Source "lmi"]
[SourceDate "2007.09.14"]

1. e4 c5 2. Nf3 Nc6 3. d4 cxd4 4. Nxd4 Nf6 5. Nc3 d6 6. Bg5 e6 7. Qd2 a6 8.
O-O-O h6 9. Be3 Be7 10. f3 Qc7 11. Kb1 Bd7 12. Bd3 b5 13. Nxc6 Bxc6 14. h4 Nd7
15. Bd4 Rg8 16. f4 b4 17. Ne2 a5 18. Nc1 a4 19. f5 e5 20. Bf2 Nc5 21. Bxc5 dxc5
22. Qe2 Qb7 23. g3 Rd8 24. Ba6 Qa8 25. Rxd8+ Bxd8 26. Bc4 Bc7 27. Re1 Ke7 28.
Qe3 Bb6 29. Nd3 Qb8 30. g4 Rd8 31. g5 Qd6 32. Qg3 Bc7 33. gxh6 gxh6 34. Qe3 Bb6
35. Qg3 Bc7 36. Qg7 Rf8 37. Qg1 Bb6 38. Kc1 Rd8 39. Qg3 Bc7 40. Qe3 Bb6 41. Qg3
Bc7 42. Qg1 Qd4 43. f6+ Ke8 44. Bxf7+ Kd7 45. Qg4+ Kd6 46. Qe6# 1-0

[Event "17. Europa ch Juvenil - Masculino s12"]
[Site "Sibenik CRO"]
[Date "2007.09.23"]
[Round "9.11"]
[White "Tzouganakis, Panteleimon"]
[Black "Sanzhaev, Darsen"]
[Result "0-1"]
[WhiteElo "1832"]
[BlackElo "2015"]
[PlyCount "176"]
[EventDate "2007.09.14"]
[EventType "swiss"]
[EventRounds "9"]
[EventCountry "CRO"]
[Source "lmi"]
[SourceDate "2007.09.14"]

1. e4 c5 2. Nf3 e6 3. d4 cxd4 4. Nxd4 Nc6 5. Nc3 Qc7 6. Be2 a6 7. O-O Nf6 8.
Be3 Be7 9. f4 d6 10. Qe1 O-O 11. Qg3 Re8 12. Rad1 Bf8 13. Bf3 Bd7 14. Kh1 Rad8
15. Nb3 b5 16. a3 Bc8 17. Qf2 Nd7 18. Nd4 Bb7 19. Nxc6 Bxc6 20. Bd4 e5 21. fxe5
dxe5 22. Be3 Qb7 23. Nd5 Bxd5 24. Rxd5 Nf6 25. Rxd8 Rxd8 26. Bg5 Rd6 27. Bxf6
Rxf6 28. Qe2 b4 29. axb4 Qxb4 30. c3 Qb3 31. Rd1 Rb6 32. Rd2 g6 33. g3 Kg7 34.
Rd5 Qxb2 35. Qxb2 Rxb2 36. Ra5 h5 37. Rxa6 Rf2 38. Bg2 Rc2 39. Ra1 Rxc3 40. Re1
Bb4 41. Bf1 Rc2 42. Re2 Rc1 43. Kg2 Bc5 44. Rd2 Bd4 45. Bb5 Kf6 46. Bd7 Re1 47.
Bc6 Rc1 48. Bd5 g5 49. h4 g4 50. Ra2 Kg6 51. Bb3 Rc3 52. Bd5 Rf3 53. Rc2 Kf6
54. Rc8 Rf2+ 55. Kh1 Rf3 56. Kg2 Rf2+ 57. Kh1 Kg7 58. Rc7 Kg6 59. Rc8 Kg7 60.
Rc7 Rf3 61. Kg2 Kg6 62. Rc6+ f6 63. Rc2 Re3 64. Ra2 Bc3 65. Kh2 Be1 66. Rg2 Kg7
67. Bc6 Kf8 68. Bd5 Ke7 69. Bc6 Rd3 70. Rg1 Re3 71. Rg2 Kd6 72. Be8 Rxe4 73.
Bxh5 Ke6 74. Bg6 f5 75. h5 Kf6 76. Ra2 Kg5 77. Ra6 Re2+ 78. Kg1 Bxg3 79. Be8 f4
80. h6 f3 81. Bb5 Rh2 82. Bc6 Rxh6 83. Bb5 Rxa6 84. Bxa6 e4 85. Kf1 e3 86. Bb5
e2+ 87. Bxe2 fxe2+ 88. Kg2 Bh4 0-1

[Event "17. Europa ch Juvenil - Masculino s12"]
[Site "Sibenik CRO"]
[Date "2007.09.23"]
[Round "9.12"]
[White "Emiroglu, Cankut"]
[Black "Nasuta, Grzegorz"]
[Result "1-0"]
[WhiteElo "1990"]
[BlackElo "1958"]
[PlyCount "57"]
[EventDate "2007.09.14"]
[EventType "swiss"]
[EventRounds "9"]
[EventCountry "CRO"]
[Source "lmi"]
[SourceDate "2007.09.14"]

1. e4 c5 2. Nf3 d6 3. Bb5+ Nd7 4. O-O g6 5. Re1 Bg7 6. c3 a6 7. Bf1 Ngf6 8. d4
e5 9. a4 b6 10. Na3 O-O 11. Nc4 Qc7 12. dxe5 dxe5 13. Qd6 Qb7 14. Nfxe5 Nxe4
15. Rxe4 Qxe4 16. Nxd7 Bxd7 17. Qxd7 Rad8 18. Qh3 Rd1 19. Ne3 Re1 20. Qd7 Bd4
21. cxd4 cxd4 22. f3 Qd3 23. Ra3 Qe2 24. Qxd4 Rxc1 25. Rc3 Qxb2 26. Ng4 Ra8 27.
Nh6+ Kf8 28. Qh8+ Ke7 29. Re3+ 1-0

[Event "17. Europa ch Juvenil - Masculino s12"]
[Site "Sibenik CRO"]
[Date "2007.09.23"]
[Round "9.14"]
[White "Andersen, Mads"]
[Black "Tejedor Fuentes, Enrique"]
[Result "0-1"]
[WhiteElo "2070"]
[BlackElo "1918"]
[PlyCount "116"]
[EventDate "2007.09.14"]
[EventType "swiss"]
[EventRounds "9"]
[EventCountry "CRO"]
[Source "lmi"]
[SourceDate "2007.09.14"]

1. e4 e6 2. d4 d5 3. Nd2 dxe4 4. Nxe4 Nd7 5. Nf3 Ngf6 6. Nxf6+ Nxf6 7. c3 Be7
8. Ne5 O-O 9. Be3 Nd5 10. Bd3 c5 11. O-O Qc7 12. Qg4 Bf6 13. Rae1 Rd8 14. Bh6
Kh8 15. Bg5 Bxg5 16. Qxg5 Rf8 17. Qh4 h6 18. Ng4 Qd8 19. Qxd8 Rxd8 20. Ne5 Kg8
21. Nf3 cxd4 22. Nxd4 b6 23. Be4 Ba6 24. Ne2 Rac8 25. Bf3 Nf6 26. Nd4 Bxf1 27.
Kxf1 Nd5 28. g3 Kf8 29. Re5 g6 30. Bxd5 Rxd5 31. Rxd5 exd5 32. Ke2 Ke7 33. Kd3
a6 34. a4 Kd6 35. f3 Re8 36. Kd2 h5 37. h3 f5 38. Ne2 h4 39. g4 fxg4 40. fxg4
Rf8 41. Ke3 Rf1 42. Nf4 g5 43. Nd3 a5 44. Ke2 Rh1 45. Nf2 Ra1 46. Nd3 Rxa4 47.
Ne1 Re4+ 48. Kd2 Rxe1 49. Kxe1 Ke5 50. Ke2 Ke4 51. Kd2 Kf3 52. Kd3 Kg3 53. Kd4
Kxh3 54. Kxd5 Kxg4 55. Kc6 h3 56. Kxb6 h2 57. c4 h1=Q 58. c5 Kf5 0-1

[Event "17. Europa ch Juvenil - Masculino s12"]
[Site "Sibenik CRO"]
[Date "2007.09.23"]
[Round "9.15"]
[White "Srbis, Jurica"]
[Black "Eltigani, Omar"]
[Result "1-0"]
[WhiteElo "2055"]
[BlackElo "1912"]
[PlyCount "105"]
[EventDate "2007.09.14"]
[EventType "swiss"]
[EventRounds "9"]
[EventCountry "CRO"]
[Source "lmi"]
[SourceDate "2007.09.14"]

1. e4 c5 2. Nf3 e6 3. d4 cxd4 4. Nxd4 a6 5. Nc3 Qc7 6. Bd3 Nc6 7. Nxc6 dxc6 8.
O-O Nf6 9. Qe2 e5 10. h3 Bc5 11. Bg5 Be6 12. Nd1 O-O-O 13. Bd2 Rhg8 14. b4 Ba7
15. Be3 Bxe3 16. Nxe3 h5 17. a4 g5 18. b5 a5 19. Rab1 c5 20. b6 Qc6 21. Bb5
Qxe4 22. Qe1 Bd7 23. Qxa5 Bxb5 24. Qxb5 Nd7 25. Nc4 Rg6 26. Rfe1 Qxc2 27. Red1
g4 28. Qa5 gxh3 29. Qa8+ Nb8 30. Rxd8+ Kxd8 31. Qxb8+ Ke7 32. Qxe5+ Kf8 33.
Qh8+ Rg8 34. Qh6+ Rg7 35. Qh8+ Rg8 36. Qh6+ Rg7 37. Rc1 h2+ 38. Kxh2 Qxf2 39.
Qd6+ Kg8 40. Qd8+ Kh7 41. Qd3+ Kg8 42. Qf3 Qh4+ 43. Kg1 Rg3 44. Qf2 Qg5 45. Rf1
Qg7 46. Nd6 Rg6 47. Qxf7+ Qxf7 48. Rxf7 Rxd6 49. Rxb7 c4 50. a5 Rd1+ 51. Kh2
Ra1 52. Rc7 c3 53. b7 1-0

[Event "17. Europa ch Juvenil - Masculino s12"]
[Site "Sibenik CRO"]
[Date "2007.09.23"]
[Round "9.16"]
[White "Petrusic, Toni"]
[Black "Lugovskoy, Maxim"]
[Result "0-1"]
[WhiteElo "1906"]
[BlackElo "2041"]
[PlyCount "134"]
[EventDate "2007.09.14"]
[EventType "swiss"]
[EventRounds "9"]
[EventCountry "CRO"]
[Source "lmi"]
[SourceDate "2007.09.14"]

1. e4 c6 2. d4 d5 3. Nc3 dxe4 4. Nxe4 Nd7 5. Bc4 Ngf6 6. Ng5 e6 7. Qe2 Nb6 8.
Bd3 h6 9. N5f3 c5 10. Bf4 Nbd5 11. Be5 Qa5+ 12. Nd2 Bd7 13. Ngf3 Be7 14. O-O
Qd8 15. a3 cxd4 16. Nxd4 O-O 17. c4 Nb6 18. Ne4 Rc8 19. Rac1 Bc6 20. Nxc6 bxc6
21. Rfd1 Nbd7 22. Nxf6+ Bxf6 23. Qe4 g6 24. Bd6 Be7 25. Bc2 Bxd6 26. Rxd6 Qg5
27. f4 Qc5+ 28. Qd4 Qxd4+ 29. Rxd4 Nb6 30. b3 Rfe8 31. Kf2 Kg7 32. Kf3 e5 33.
fxe5 Rxe5 34. Re4 Nd7 35. Rd1 Rf5+ 36. Ke2 Nf6 37. Re7 Ra5 38. a4 Kf8 39. Rb7
Re8+ 40. Kd2 Rae5 41. Rxa7 Ng4 42. Kc3 Re2 43. Rd2 R8e3+ 44. Bd3 Re1 45. a5 Nf6
46. Kd4 Re8 47. Rf2 Kg7 48. Rf3 Rd8+ 49. Kc3 g5 50. g4 Ree8 51. b4 Nd7 52. Bf5
Ne5 53. Re3 Rd1 54. Bd3 Kf6 55. b5 cxb5 56. Ra6+ Kg7 57. cxb5 Rc8+ 58. Kb3 Nxd3
59. Rc6 Rd8 60. b6 Rb1+ 61. Kc4 Rc1+ 62. Kb5 Rd5+ 63. Ka4 Rxc6 64. Rxd3 Rxd3
65. b7 Rd8 66. Kb5 Rc7 67. a6 Rxb7+ 0-1

[Event "17. Europa ch Juvenil - Masculino s12"]
[Site "Sibenik CRO"]
[Date "2007.09.23"]
[Round "9.18"]
[White "Seidl, Stepan"]
[Black "Draskovic, Luka"]
[Result "0-1"]
[WhiteElo "1789"]
[BlackElo "1989"]
[PlyCount "76"]
[EventDate "2007.09.14"]
[EventType "swiss"]
[EventRounds "9"]
[EventCountry "CRO"]
[Source "lmi"]
[SourceDate "2007.09.14"]

1. e4 c5 2. Nc3 Nc6 3. g3 g6 4. Bg2 Bg7 5. Nge2 e6 6. f4 Nge7 7. O-O O-O 8. d3
d6 9. Be3 Nd4 10. Qd2 Rb8 11. Nd1 Nec6 12. c3 Nxe2+ 13. Qxe2 f5 14. e5 Ne7 15.
d4 cxd4 16. cxd4 d5 17. Nc3 a6 18. Na4 b6 19. Rfc1 Bd7 20. b3 Bb5 21. Qd2 Bxa4
22. bxa4 Qd7 23. Qb4 Nc6 24. Qb2 Na5 25. Bf1 Qxa4 26. Bxa6 b5 27. Qc2 Qxc2 28.
Rxc2 Nc4 29. a4 Nxe3 30. Rc6 bxa4 31. Rxe6 Rb4 32. Re7 Rxd4 33. Kf2 Nc2 34. Rc1
Rd2+ 35. Kg1 a3 36. Bd3 a2 37. Bxc2 Rxc2 38. Ra1 Rb8 0-1

[Event "17. Europa ch Juvenil - Masculino s12"]
[Site "Sibenik CRO"]
[Date "2007.09.23"]
[Round "9.19"]
[White "Lukovic, Vladimir"]
[Black "Musialkiewicz, Jan"]
[Result "1/2-1/2"]
[WhiteElo "1898"]
[BlackElo "1926"]
[PlyCount "66"]
[EventDate "2007.09.14"]
[EventType "swiss"]
[EventRounds "9"]
[EventCountry "CRO"]
[Source "lmi"]
[SourceDate "2007.09.14"]

1. e4 e5 2. Nf3 Nc6 3. Bb5 a6 4. Ba4 Nf6 5. O-O Be7 6. Re1 b5 7. Bb3 O-O 8. a4
Bb7 9. Nc3 b4 10. Nd5 d6 11. c3 a5 12. d4 bxc3 13. bxc3 exd4 14. cxd4 Nxd5 15.
Bxd5 Qc8 16. Bg5 h6 17. Bh4 Bxh4 18. Nxh4 Ne7 19. Bxb7 Qxb7 20. Qg4 Qc8 21. Qh5
c5 22. Rac1 Qc6 23. dxc5 Rac8 24. Rc4 Qa6 25. Rec1 Rc6 26. Nf5 Nxf5 27. Qxf5
Rfc8 28. Qd5 Qb7 29. h3 Qb3 30. R1c3 Qb1+ 31. Rc1 Qb3 32. R1c3 Qb1+ 33. Rc1 Qb3
1/2-1/2